Normal view
MARC view
- Hayes, R. E.
Entry Personal Name
001 - CONTROL NUMBER
- control field: 40080
003 - CONTROL NUMBER IDENTIFIER
- control field: OSt
005 - DATE AND TIME OF LATEST TRANSACTION
- control field: 20160524143716.0
008 - FIXED-LENGTH DATA ELEMENTS
- fixed length control field: 160524|| aca||aabn | a|a d
040 ## - CATALOGING SOURCE
- Original cataloging agency: OSt
100 1# - HEADING--PERSONAL NAME
- Personal name: Hayes, R. E.
- Fuller form of name: (Robert E.)
500 1# - SEE ALSO FROM TRACING--PERSONAL NAME
- Personal name: Hayes, Robert E.